Statistics for Capitals of 2018 FIFA World Cup Teams

Click here to take the quiz!

General Stats

  • This quiz has been taken 17,479 times
  • The average score is 22 of 32

Answer Stats

GroupCountryAnswer% Correct
Group GEnglandLondon
94%
Group ARussiaMoscow
93%
Group CFranceParis
93%
Group BSpainMadrid
92%
Group FGermanyBerlin
90%
Group EBrazilBrasília
88%
Group BPortugalLisbon
87%
Group DArgentinaBuenos Aires
86%
Group HJapanTokyo
83%
Group FMexicoMexico City
83%
Group GBelgiumBrussels
79%
Group FSwedenStockholm
78%
Group FKorea RepublicSeoul
75%
Group CAustraliaCanberra
74%
Group AEgyptCairo
74%
Group HPolandWarsaw
70%
Group HColombiaBogotá
68%
Group CDenmarkCopenhagen
67%
Group CPeruLima
66%
Group ESwitzerlandBern
66%
Group AUruguayMontevideo
65%
Group DCroatiaZagreb
60%
Group DIcelandReykjavík
57%
Group GPanamaPanama City
56%
Group BIranTehran
56%
Group ASaudi ArabiaRiyadh
48%
Group GTunisiaTunis
47%
Group ESerbiaBelgrade
45%
Group BMoroccoRabat
44%
Group DNigeriaAbuja
42%
Group ECosta RicaSan José
37%
Group HSenegalDakar
34%

Score Distribution

Percentile by Number Answered

Percent of People with Each Score

Your Score History

You have not taken this quiz